[Event "28th Hoogeveen op"]
[Site "Hoogeveen NED"]
[Date "2025.10.22"]
[Round "6.25"]
[White "Xue, Luka"]
[Black "Duchene, Rene"]
[Result "1-0"]
[WhiteElo "2031"]
[BlackElo "2055"]
[EventDate "2025.10.18"]
[PlyCount "89"]

1.d4 Nf6 2.c4 g6 3.f3 Bg7 4.e4 d6 5.Nc3 O-O 6.Nge2 c5 7.d5 e6 8.Ng3 exd5 
9.cxd5 Nbd7 10.Be2 a6 11.a4 h5 12.Bg5 Qa5 13.O-O Re8 14.Qd2 c4 15.Be3 Ne5 
16.h3 h4 17.Nh1 Nh5 18.Bg5 Qb4 19.Bxh4 Nd3 20.Bxd3 cxd3 21.g4 Nf6 22.Nf2 
Nxd5 23.exd5 Re2 24.Qxd3 Rxb2 25.Rfc1 Rb3 26.Nfd1 Bf5 27.Qd2 Bd7 28.Be1 
Re8 29.Ra2 f5 30.Ne2 Qxd2 31.Rxd2 Bh6 32.f4 fxg4 33.Rc7 Bf5 34.hxg4 Bxg4 
35.Ndc3 Bg7 36.Bf2 b5 37.axb5 axb5 38.Nd4 Rb4 39.Ncxb5 Re4 40.Kg2 Rxf4 41.
Bg3 Re4 42.Bxd6 Ra4 43.Nc3 Rexd4 44.Rxg7+ Kxg7 45.Be5+ 1-0

[Event "28th Hoogeveen op"]
[Site "Hoogeveen NED"]
[Date "2025.10.22"]
[Round "6.26"]
[White "Groenewoud, Joel"]
[Black "De Jong, Lode"]
[Result "0-1"]
[WhiteElo "2175"]
[BlackElo "1986"]
[EventDate "2025.10.18"]
[PlyCount "90"]

1.c3 c5 2.Nf3 Nf6 3.g3 d5 4.Bg2 Nc6 5.O-O e5 6.d3 Bd6 7.e4 d4 8.cxd4 cxd4 
9.Nbd2 O-O 10.Nc4 Bc7 11.a4 Ne8 12.Bd2 f6 13.b4 Be6 14.Qc2 Nd6 15.Rac1 Rc8
16.Ne1 Qe7 17.Qb2 Qf7 18.Nxd6 Bxd6 19.f4 Qe7 20.f5 Bf7 21.Rb1 b6 22.Bf3 a5
23.b5 Ba3 24.Qa1 Bb4 25.Qb2 Bxd2 26.Qxd2 Nb4 27.Bd1 Rc3 28.g4 Rfc8 29.Kh1 
Qc7 30.g5 Rc1 31.Rxb4 Rxd1 32.Qxd1 axb4 33.gxf6 gxf6 34.Qd2 Qe7 35.Nc2 b3 
36.Nb4 Kh8 37.Qh6 Rg8 38.Nc6 Qd6 39.Qd2 Rg7 40.a5 bxa5 41.Nxa5 Qc5 42.Nc6 
Qc3 43.Qd1 b2 44.Nd8 Bb3 45.Qh5 Qxd3 0-1

[Event "28th Hoogeveen op"]
[Site "Hoogeveen NED"]
[Date "2025.10.22"]
[Round "6.27"]
[White "Albin, Sajan"]
[Black "Struik, Marcel"]
[Result "1-0"]
[WhiteElo "2101"]
[BlackElo "1945"]
[EventDate "2025.10.18"]
[PlyCount "39"]

1.d4 d5 2.c4 c6 3.Nc3 Nf6 4.Nf3 e6 5.cxd5 exd5 6.Bg5 Be7 7.Qc2 Bg4 8.e3 
Nbd7 9.Bd3 Bh5 10.Rb1 Bg6 11.O-O Ne4 12.Bf4 Ndf6 13.Ne5 Nxc3 14.bxc3 Bxd3 
15.Qxd3 Qc8 16.c4 O-O 17.Rfc1 Bd6 18.Qb3 Rb8 19.Ng6 Bxf4 20.Ne7+ 1-0

[Event "28th Hoogeveen op"]
[Site "Hoogeveen NED"]
[Date "2025.10.22"]
[Round "6.28"]
[White "Xu, Alex"]
[Black "Fikh, Anthony"]
[Result "0-1"]
[WhiteElo "2027"]
[BlackElo "1942"]
[EventDate "2025.10.18"]
[PlyCount "76"]

1.e4 c6 2.d4 d5 3.f3 Qb6 4.Nc3 dxe4 5.fxe4 e5 6.Nf3 exd4 7.Nxd4 Bc5 8.Na4 
Qa5+ 9.c3 Bd6 10.b4 Qc7 11.Be2 Bxh2 12.Be3 Bg3+ 13.Kd2 Nf6 14.Bf3 O-O 15.
Kc1 Re8 16.Qc2 Nbd7 17.Ne2 Bd6 18.Bd4 Ne5 19.a3 b6 20.Bf2 Ba6 21.Rd1 c5 
22.Nb2 Bb7 23.Bg3 Rad8 24.Kb1 Nxf3 25.Bxd6 Rxd6 26.gxf3 Nxe4 27.fxe4 Bxe4 
28.Nd3 c4 29.Nec1 Red8 30.Kb2 cxd3 31.Qd2 Rg6 32.Qe3 Qc4 33.Nb3 Rc8 34.
Rdc1 Rg2+ 35.Nd2 Bd5 36.Kb1 Rxd2 37.Qxd2 Qb3+ 38.Qb2 d2 0-1

[Event "28th Hoogeveen op"]
[Site "Hoogeveen NED"]
[Date "2025.10.22"]
[Round "6.29"]
[White "Van der Lubben, Arno"]
[Black "Valiente, Paulo"]
[Result "1/2-1/2"]
[WhiteElo "2005"]
[BlackElo "2017"]
[EventDate "2025.10.18"]
[PlyCount "52"]

1.d4 d5 2.c4 c6 3.Nc3 Nf6 4.Nf3 dxc4 5.a4 Bf5 6.Ne5 e6 7.f3 h6 8.e4 Bh7 9.
Bxc4 Nbd7 10.Nd3 Nb6 11.Ne5 Nxc4 12.Nxc4 Qc7 13.Be3 Be7 14.Qe2 Nd7 15.O-O 
Nb6 16.Ne5 Nd7 17.Nd3 Nf6 18.Kh1 a5 19.Rac1 Qd8 20.Rfd1 O-O 21.Rg1 Nd7 22.
Rgf1 Bb4 23.Na2 Bd6 24.Nc3 Bb4 25.Na2 Bd6 26.Nc3 Bb4 1/2-1/2

[Event "28th Hoogeveen op"]
[Site "Hoogeveen NED"]
[Date "2025.10.22"]
[Round "6.30"]
[White "Mellema, Andries"]
[Black "Safin, Safarullakhan"]
[Result "1-0"]
[WhiteElo "2142"]
[BlackElo "1915"]
[EventDate "2025.10.18"]
[PlyCount "85"]

1.e4 c5 2.Nf3 d6 3.d4 cxd4 4.Nxd4 Nf6 5.Nc3 a6 6.h3 Nc6 7.g4 g6 8.Bg2 Nxd4
9.Qxd4 Bg7 10.Be3 O-O 11.Qd2 Qa5 12.O-O Bd7 13.g5 Nh5 14.Nd5 Qxd2 15.Nxe7+
Kh8 16.Bxd2 Bb5 17.Rfb1 Rfe8 18.Nd5 Rac8 19.c3 Bc6 20.Rf1 Bxd5 21.exd5 Rc4
22.f4 h6 23.h4 Ng3 24.Rfe1 Re2 25.Rxe2 Nxe2+ 26.Kf2 Nxf4 27.Bf1 Ra4 28.b3 
Ra5 29.Bxf4 Bxc3 30.Rc1 Rxa2+ 31.Kf3 Bb4 32.Be3 hxg5 33.Bd4+ f6 34.Rc8+ 
Kg7 35.hxg5 Rd2 36.Bxf6+ Kf7 37.Rc7+ Kf8 38.Rxb7 Bc5 39.Bh3 Rd3+ 40.Kg2 
Rd2+ 41.Kf1 Bd4 42.Rb8+ Kf7 43.Be6# 1-0

[Event "28th Hoogeveen op"]
[Site "Hoogeveen NED"]
[Date "2025.10.22"]
[Round "6.31"]
[White "Abel, Sajan"]
[Black "Van Helvoort, Rob"]
[Result "1/2-1/2"]
[WhiteElo "2046"]
[BlackElo "2095"]
[EventDate "2025.10.18"]
[PlyCount "56"]

1.e4 e6 2.d4 d5 3.Nd2 c5 4.exd5 exd5 5.Ngf3 Nc6 6.Bb5 Bd6 7.O-O Ne7 8.dxc5
Bxc5 9.Nb3 Bd6 10.Re1 O-O 11.h3 h6 12.c3 Bf5 13.Bd3 Bxd3 14.Qxd3 Qd7 15.
Be3 Rfe8 16.Rad1 Rad8 17.Kf1 b6 18.Qd2 Qb7 19.a3 Nf5 20.Bf4 Rxe1+ 21.Rxe1 
Qa6+ 22.Kg1 Qc4 23.Bxd6 Qxb3 24.Bc7 Rd7 25.Re8+ Kh7 26.Be5 Re7 27.Rxe7 
Nfxe7 28.Bf4 Qc4 1/2-1/2

[Event "28th Hoogeveen op"]
[Site "Hoogeveen NED"]
[Date "2025.10.22"]
[Round "6.32"]
[White "Gerrits, Augustin"]
[Black "Gergin, Isafara"]
[Result "1-0"]
[WhiteElo "2074"]
[BlackElo "1984"]
[EventDate "2025.10.18"]
[PlyCount "67"]

1.e4 c6 2.d4 d5 3.Nc3 dxe4 4.Nxe4 Nf6 5.Nxf6+ exf6 6.c3 Bd6 7.Bd3 O-O 8.
Ne2 Re8 9.O-O Nd7 10.Bf4 Nf8 11.Qd2 Be6 12.Rfe1 c5 13.Bb5 Re7 14.d5 Bf5 
15.Ng3 Bg6 16.Rxe7 Qxe7 17.Bxd6 Qxd6 18.Rd1 a6 19.Be2 b5 20.h4 h6 21.h5 
Bh7 22.Bd3 Rd8 23.Bxh7+ Kxh7 24.Qd3+ Kg8 25.Nf5 Qe5 26.Qf3 Ne6 27.dxe6 
Rxd1+ 28.Qxd1 fxe6 29.Ne7+ Kf7 30.Ng6 Qd5 31.Qxd5 exd5 32.Nf4 d4 33.cxd4 
cxd4 34.Kf1 1-0

[Event "28th Hoogeveen op"]
[Site "Hoogeveen NED"]
[Date "2025.10.23"]
[Round "7.1"]
[White "Beerdsen, Thomas"]
[Black "Chanda, Sandipan"]
[Result "1/2-1/2"]
[WhiteElo "2528"]
[BlackElo "2467"]
[EventDate "2025.10.18"]
[PlyCount "53"]

1.e4 e6 2.d4 d5 3.Nc3 Nf6 4.Bg5 dxe4 5.Nxe4 Nbd7 6.Nf3 h6 7.Bxf6 Nxf6 8.
Bd3 Nxe4 9.Bxe4 c5 10.Qe2 Qa5+ 11.c3 cxd4 12.Nxd4 Qb6 13.Qb5+ Qxb5 14.Nxb5
Rb8 15.Nxa7 Bd7 16.c4 f5 17.Bf3 Bb4+ 18.Ke2 g5 19.g3 g4 20.Bg2 Bc5 21.Nb5 
Bc6 22.Rhg1 O-O 23.Nc3 f4 24.gxf4 Rxf4 25.Nd1 Rxc4 26.Bxc6 bxc6 27.b3 
1/2-1/2

[Event "28th Hoogeveen op"]
[Site "Hoogeveen NED"]
[Date "2025.10.23"]
[Round "7.2"]
[White "Harikrishnan.A.Ra,"]
[Black "Abdisalimov, Abdimalik"]
[Result "1/2-1/2"]
[WhiteElo "2534"]
[BlackElo "2501"]
[EventDate "2025.10.18"]
[PlyCount "57"]

1.d4 Nf6 2.Nf3 d5 3.c3 e6 4.Bf4 Bd6 5.e3 O-O 6.Nbd2 Bxf4 7.exf4 b6 8.g3 c5
9.Bd3 Ba6 10.Bxa6 Nxa6 11.Qe2 Nc7 12.O-O Nce8 13.Nb3 Qc7 14.Ne5 Nd6 15.c4 
a5 16.a4 Rfc8 17.Rac1 Qb7 18.Rfd1 Nfe4 19.f3 Nf6 20.Qf2 Nxc4 21.Nxc4 dxc4 
22.Rxc4 cxd4 23.Rcxd4 b5 24.Nc5 Qc6 25.axb5 Qxb5 26.Ne4 Nxe4 27.Rxe4 Rab8 
28.Rd2 h6 29.Kg2 1/2-1/2

[Event "28th Hoogeveen op"]
[Site "Hoogeveen NED"]
[Date "2025.10.23"]
[Round "7.3"]
[White "Harshavardhan, G. B."]
[Black "Miezis, Normunds"]
[Result "1/2-1/2"]
[WhiteElo "2476"]
[BlackElo "2374"]
[EventDate "2025.10.18"]
[PlyCount "133"]

1.d4 Nf6 2.c4 e6 3.Nf3 b6 4.g3 Ba6 5.b3 d5 6.Bg2 Bb4+ 7.Bd2 Bxd2+ 8.Nbxd2 
O-O 9.O-O Bb7 10.Qc2 Ne4 11.Ne5 Nxd2 12.Qxd2 Nd7 13.Nd3 Rb8 14.cxd5 exd5 
15.Rac1 c6 16.Rc2 Qf6 17.Bh3 Rbd8 18.Qf4 Qxf4 19.gxf4 Rfe8 20.Rfc1 Nb8 21.
e3 f6 22.Bg4 g6 23.h4 Ba6 24.Nb4 Bb7 25.a4 Rd6 26.Na2 Bc8 27.Bxc8 Rxc8 28.
a5 Kf7 29.Nc3 Re8 30.axb6 axb6 31.Na4 g5 32.fxg5 fxg5 33.hxg5 Kg6 34.Nxb6 
Kxg5 35.Kf1 h5 36.Ke2 h4 37.Rg1+ Kh5 38.Rcc1 Rf6 39.Ra1 Rf7 40.b4 Rb7 41.
f4 Rbe7 42.Rg5+ Kh6 43.Re5 Rxe5 44.dxe5 Rg8 45.Kf2 Kh5 46.e6 h3 47.Rg1 
Rxg1 48.Kxg1 Kg6 49.Nd7 Na6 50.f5+ Kxf5 51.e7 Nc7 52.Nb8 Ke6 53.Nxc6 Kd7 
54.Nd4 Kxe7 55.Kh2 Kd6 56.Kxh3 Na6 57.b5 Nc5 58.Kg4 Na4 59.Nb3 Nc3 60.b6 
Kc6 61.Kf5 Nd1 62.e4 dxe4 63.Kxe4 Kxb6 64.Kd4 Kb5 65.Nc1 Nb2 66.Nd3 Nxd3 
67.Kxd3 1/2-1/2

[Event "28th Hoogeveen op"]
[Site "Hoogeveen NED"]
[Date "2025.10.23"]
[Round "7.4"]
[White "Korchynskyi, Mykola"]
[Black "Zwirs, Nico"]
[Result "0-1"]
[WhiteElo "2382"]
[BlackElo "2441"]
[EventDate "2025.10.18"]
[PlyCount "78"]

1.d4 d5 2.c4 e6 3.Nc3 Nf6 4.cxd5 exd5 5.Bg5 c6 6.e3 Be6 7.Bd3 Nbd7 8.Nge2 
h6 9.Bh4 g5 10.Bg3 Nh5 11.Qc2 Nxg3 12.Nxg3 h5 13.O-O-O h4 14.Nf5 Qa5 15.
Rhe1 O-O-O 16.Kb1 Kb8 17.h3 Nb6 18.f3 Nc4 19.Bxc4 dxc4 20.e4 Bxf5 21.exf5 
Bg7 22.Re7 Bxd4 23.Rxf7 Bxc3 24.bxc3 Rxd1+ 25.Qxd1 Rd8 26.Rf8 Qxf5+ 27.
Rxf5 Rxd1+ 28.Kc2 Rd5 29.Rf8+ Kc7 30.f4 b5 31.a4 gxf4 32.Rxf4 Rg5 33.Rxh4 
Rxg2+ 34.Kb1 Kb6 35.Rh7 a6 36.axb5 cxb5 37.Kc1 Ka5 38.Rd7 Rg3 39.Kb2 Rxh3 
0-1

[Event "28th Hoogeveen op"]
[Site "Hoogeveen NED"]
[Date "2025.10.23"]
[Round "7.5"]
[White "Nigmatov, Ortik"]
[Black "De Jong, Migchiel"]
[Result "1-0"]
[WhiteElo "2485"]
[BlackElo "2258"]
[EventDate "2025.10.18"]
[PlyCount "95"]

1.e4 c5 2.Nf3 e6 3.d4 cxd4 4.Nxd4 a6 5.c4 Nf6 6.Nc3 Bb4 7.Bd3 Nc6 8.O-O 
Qc7 9.Re1 Bd6 10.Nf3 Ne5 11.Nxe5 Bxe5 12.h3 d6 13.f4 Bd4+ 14.Kh1 Bd7 15.
Qf3 e5 16.Ne2 Bc5 17.Bd2 a5 18.f5 h6 19.b3 Bb4 20.Nc3 O-O 21.Rec1 Bc6 22.
Be1 b6 23.Bh4 Qe7 24.Ne2 Bd2 25.Rd1 Bg5 26.Bf2 Nd7 27.Nc3 Nc5 28.Bc2 Rfd8 
29.a3 Nd7 30.b4 axb4 31.axb4 Rxa1 32.Rxa1 Ra8 33.Rxa8+ Bxa8 34.Qd1 Bh4 35.
g3 Bg5 36.h4 Bf6 37.Qa1 Qd8 38.Qa7 Be7 39.Nd5 Bxd5 40.cxd5 Qc8 41.Ba4 Qc4 
42.Kg1 Nf6 43.Qxe7 Nxe4 44.Qd8+ Kh7 45.Qxb6 Nd2 46.Qe3 Qxb4 47.Bc2 e4 48.
Kg2 1-0

[Event "28th Hoogeveen op"]
[Site "Hoogeveen NED"]
[Date "2025.10.23"]
[Round "7.6"]
[White "Raja, Harshit"]
[Black "Westerlaan, Sander"]
[Result "1-0"]
[WhiteElo "2476"]
[BlackElo "2034"]
[EventDate "2025.10.18"]
[PlyCount "74"]

1.e4 c5 2.Nf3 Nc6 3.Bb5 Nf6 4.Nc3 g6 5.O-O Bg7 6.e5 Ng4 7.Bxc6 bxc6 8.Re1 
f6 9.exf6 Nxf6 10.d4 cxd4 11.Qxd4 O-O 12.Qh4 Rb8 13.Rb1 d6 14.Bg5 Qc7 15.
Qc4+ d5 16.Qh4 Bf5 17.Bf4 Qa5 18.Bxb8 Rxb8 19.Rxe7 Nh5 20.Rxg7+ Nxg7 21.g4
Rb4 22.h3 Bxc2 23.Re1 Re4 24.Nxe4 dxe4 25.b4 Qxb4 26.Qd8+ Qf8 27.Qxf8+ 
Kxf8 28.Ng5 h5 29.Rc1 Ba4 30.Rc4 Bb5 31.Rxe4 hxg4 32.hxg4 Bd3 33.Rd4 Bb1 
34.Ra4 c5 35.Rxa7 c4 36.Rf7+ Kg8 37.Rb7 Be4 1-0

[Event "28th Hoogeveen op"]
[Site "Hoogeveen NED"]
[Date "2025.10.23"]
[Round "7.7"]
[White "Maris, Ivo"]
[Black "Soumya, Swaminathan"]
[Result "1-0"]
[WhiteElo "2389"]
[BlackElo "2238"]
[EventDate "2025.10.18"]
[PlyCount "119"]

1.Nf3 Nf6 2.g3 c5 3.Bg2 Nc6 4.O-O e5 5.c4 d5 6.cxd5 Nxd5 7.Nc3 Nc7 8.a3 f6
9.e3 Be7 10.b4 cxb4 11.axb4 Bxb4 12.Nh4 O-O 13.Bb2 Be6 14.f4 Qd7 15.f5 Bc4
16.Ne4 Rad8 17.Rf2 a5 18.g4 Be7 19.Qf3 Bd3 20.Qh3 Qe8 21.Bf3 Na6 22.Qg2 
Qd7 23.Kh1 Nc5 24.Nc3 e4 25.Nxe4 Bxe4 26.Bxe4 Nxe4 27.Qxe4 Qd5 28.Qxd5+ 
Rxd5 29.d4 Rb5 30.Nf3 Rb3 31.Re2 Rd8 32.Kg2 b5 33.e4 a4 34.d5 Na7 35.Nd4 
Rd3 36.Ne6 Rb8 37.Nf4 Rb3 38.e5 Rxb2 39.Rxb2 fxe5 40.Rxa4 Nc8 41.Ne6 Kf7 
42.Ra6 b4 43.Rc6 h6 44.Rc7 Kf6 45.Nxg7 e4 46.Ne8+ Ke5 47.f6 Bf8 48.f7 Nd6 
49.Nxd6 Bxd6 50.Rd7 Bc5 51.Rc7 Bd6 52.Rc1 Rf8 53.Rf1 Kxd5 54.Rf5+ Kc4 55.
Re2 Kd3 56.Re1 Bb8 57.Rd5+ Kc4 58.Rd7 b3 59.Rxe4+ Kc3 60.Re8 1-0

[Event "28th Hoogeveen op"]
[Site "Hoogeveen NED"]
[Date "2025.10.23"]
[Round "7.8"]
[White "De Boer, Eelke"]
[Black "Aamuktha, Guntaka"]
[Result "1-0"]
[WhiteElo "2456"]
[BlackElo "2069"]
[EventDate "2025.10.18"]
[PlyCount "93"]

1.d4 Nf6 2.c4 e6 3.Nf3 b6 4.g3 Bb7 5.Bg2 Be7 6.O-O O-O 7.Nc3 Ne4 8.Bd2 Bf6
9.Re1 c5 10.d5 Nxc3 11.Bxc3 Bxc3 12.bxc3 d6 13.dxe6 fxe6 14.Qd3 d5 15.Ne5 
Nd7 16.Qe3 Nxe5 17.Qxe5 Qf6 18.Qxf6 gxf6 19.Rad1 Rad8 20.Rd2 Rd7 21.cxd5 
exd5 22.Red1 Rfd8 23.c4 d4 24.Bxb7 Rxb7 25.e3 Rbd7 26.Kf1 Kf7 27.Ke2 Ke6 
28.exd4 cxd4 29.Kd3 f5 30.Re1+ Kf6 31.Rde2 Rc8 32.Re6+ Kf7 33.R6e5 Rdc7 
34.Rxf5+ Kg6 35.Rf4 Rxc4 36.Re6+ Kg7 37.Re7+ Kg8 38.Rxa7 Rc3+ 39.Kxd4 
R8c4+ 40.Ke5 Rc5+ 41.Ke4 R5c4+ 42.Kf5 Rc5+ 43.Kg4 h5+ 44.Kh4 b5 45.Rff7 
R3c4+ 46.Kh3 Rg4 47.Rfb7 1-0

[Event "28th Hoogeveen op"]
[Site "Hoogeveen NED"]
[Date "2025.10.23"]
[Round "7.9"]
[White "Weidenhoefer, Max"]
[Black "Bosboom, Manuel"]
[Result "0-1"]
[WhiteElo "2205"]
[BlackElo "2355"]
[EventDate "2025.10.18"]
[PlyCount "36"]

1.e4 c5 2.Nf3 e6 3.d4 cxd4 4.Nxd4 a6 5.Bd3 Nf6 6.Nc3 Qc7 7.O-O b5 8.a3 Bb7
9.Qe2 h5 10.h3 Bc5 11.Nb3 Ng4 12.hxg4 hxg4 13.e5 Bf3 14.gxf3 Qd8 15.Bh7 
Qh4 16.Qe4 Qg3+ 17.Kh1 Qh3+ 18.Kg1 gxf3 0-1

[Event "28th Hoogeveen op"]
[Site "Hoogeveen NED"]
[Date "2025.10.23"]
[Round "7.10"]
[White "Schuricht, Emil Frederick"]
[Black "Kamphuis, Jasper"]
[Result "1-0"]
[WhiteElo "2294"]
[BlackElo "2104"]
[EventDate "2025.10.18"]
[PlyCount "107"]

1.d4 Nf6 2.c4 g6 3.Nc3 Bg7 4.e4 d6 5.Nf3 O-O 6.Be2 e5 7.O-O Nc6 8.d5 Ne7 
9.b4 Ne8 10.a4 f5 11.a5 f4 12.c5 Kh8 13.Ba3 Ng8 14.b5 g5 15.b6 g4 16.bxc7 
Qxc7 17.Ng5 Qe7 18.Ne6 Bxe6 19.cxd6 Qf6 20.dxe6 f3 21.Bc4 Qh4 22.Nd5 Bh6 
23.e7 Rf6 24.Bb2 Nxd6 25.Bxe5 Nxc4 26.Bg3 Qg5 27.Qd4 fxg2 28.Kxg2 Bg7 29.
Qxc4 Rc6 30.Qb5 Qg6 31.Rae1 Rac8 32.Qxb7 h5 33.Qd7 Nf6 34.Qf5 Kh7 35.Bh4 
Re8 36.Bxf6 Bxf6 37.Qd7 Be5 38.Kg1 h4 39.Rc1 Rd6 40.Qxa7 g3 41.Qe3 Rg8 42.
Qf3 gxf2+ 43.Kxf2 Re6 44.Qf5 Bxh2 45.Kf3 Kh6 46.Qxg6+ Rexg6 47.Rh1 Bg3 48.
Ne3 Kg7 49.Nf5+ Kf7 50.Rhd1 Rf6 51.Rd8 Re8 52.Rxe8 Rxf5+ 53.exf5 Kxe8 54.
f6 1-0

[Event "28th Hoogeveen op"]
[Site "Hoogeveen NED"]
[Date "2025.10.23"]
[Round "7.11"]
[White "Grooten, Tommy"]
[Black "Mostertman, Milan"]
[Result "1-0"]
[WhiteElo "2160"]
[BlackElo "2236"]
[EventDate "2025.10.18"]
[PlyCount "105"]

1.Nf3 Nf6 2.c4 e6 3.g3 d5 4.Bg2 Be7 5.d4 O-O 6.O-O a5 7.Qc2 a4 8.a3 Nbd7 
9.Nc3 dxc4 10.Nxa4 b5 11.Nc3 Rb8 12.e4 c5 13.Bf4 Rb6 14.d5 exd5 15.exd5 
Ba6 16.a4 b4 17.a5 Rd6 18.Bxd6 Bxd6 19.Ne2 Ne5 20.Nxe5 Bxe5 21.Rfd1 Ne8 
22.d6 Nxd6 23.Rd5 Qf6 24.Rad1 Nb7 25.Rd7 Nd6 26.Nf4 Bxf4 27.gxf4 Nf5 28.
Bd5 Nd4 29.Qe4 Qh4 30.f3 Bb5 31.Rxf7 Rxf7 32.Rxd4 cxd4 33.Qe6 Qd8 34.Qxf7+
Kh8 35.Be4 g6 36.Qe6 Qd7 37.Qe5+ Kg8 38.Bd5+ Kf8 39.Be6 Qc6 40.Bd5 Qc5 41.
Qe6 d3+ 42.Kg2 Qc7 43.a6 Kg7 44.f5 Qf4 45.Qe7+ Kh6 46.a7 Qd2+ 47.Kh3 Bd7 
48.a8=Q Bxf5+ 49.Kg3 g5 50.Qaf8+ Kh5 51.Bf7+ Bg6 52.Bxg6+ hxg6 53.Qh7# 1-0

[Event "28th Hoogeveen op"]
[Site "Hoogeveen NED"]
[Date "2025.10.23"]
[Round "7.12"]
[White "Van Batenburg, Mees"]
[Black "De Wit, Evan"]
[Result "1-0"]
[WhiteElo "2231"]
[BlackElo "2069"]
[EventDate "2025.10.18"]
[PlyCount "47"]

1.e4 e5 2.Nf3 Nc6 3.Bc4 Nf6 4.d3 Bc5 5.c3 d6 6.O-O a5 7.Bg5 h6 8.Bh4 Ba7 
9.Na3 g5 10.Bg3 O-O 11.Nc2 Ne7 12.Ne3 Ng6 13.Re1 c6 14.Bb3 Qe7 15.Nf5 Bxf5
16.exf5 Nf4 17.h4 N6h5 18.Bxf4 Nxf4 19.hxg5 hxg5 20.d4 e4 21.Re3 Kh7 22.
Rxe4 Qf6 23.g3 d5 24.Nxg5+ 1-0

[Event "28th Hoogeveen op"]
[Site "Hoogeveen NED"]
[Date "2025.10.23"]
[Round "7.13"]
[White "Van Veelen, Thomas"]
[Black "Dordevic, Tom"]
[Result "1/2-1/2"]
[WhiteElo "2081"]
[BlackElo "2224"]
[EventDate "2025.10.18"]
[PlyCount "192"]

1.Nf3 Nf6 2.g3 b5 3.Bg2 Bb7 4.O-O e6 5.d3 c5 6.e4 d6 7.Re1 Be7 8.e5 dxe5 
9.Nxe5 Bxg2 10.Kxg2 Qd5+ 11.Qf3 Qxf3+ 12.Kxf3 Nfd7 13.c3 Nxe5+ 14.Rxe5 Nc6
15.Re1 O-O-O 16.Ke2 Rd7 17.Na3 a6 18.Be3 Rhd8 19.Rad1 Kb7 20.f4 f5 21.Nc2 
g6 22.d4 c4 23.Kf3 Bf6 24.Bd2 Rd6 25.Re2 Kc8 26.Rde1 Kd7 27.Be3 Rc8 28.a3 
Ne7 29.Ra1 Nd5 30.Nb4 Be7 31.Bd2 Nf6 32.Nc2 Rb8 33.Ke3 Rc6 34.Kf3 Ne4 35.
h4 Rcc8 36.Rh2 Rg8 37.Be1 Bd6 38.Bd2 h6 39.Rg1 Rbf8 40.Be3 Nf6 41.Rd2 Rf7 
42.Rdg2 Kc6 43.Rd1 Nd5 44.Ke2 Rfg7 45.Rdg1 a5 46.Bd2 h5 47.Kf3 Nf6 48.Ra1 
Rb7 49.Re2 Kd7 50.Be1 Nd5 51.Bd2 Re8 52.Rae1 Rb6 53.Ne3 Nf6 54.Nc2 Re7 55.
Rc1 Ke8 56.Rce1 Kf7 57.Rc1 Rc7 58.Kf2 Ra7 59.Kf3 Raa6 60.Be1 Rc6 61.Ne3 
Bf8 62.Nc2 Rab6 63.Bf2 Rb7 64.Be1 Nd5 65.Bd2 Be7 66.Be1 Ke8 67.Bd2 Kd7 68.
Be1 Bd6 69.Bd2 Rcb6 70.Be1 Rc7 71.Bd2 Rcc6 72.Be1 Rb7 73.Bd2 Ra7 74.Be1 
Ra8 75.Bd2 Rb8 76.Be1 Bf8 77.Bd2 Rb7 78.Be1 Nb6 79.Ne3 Rb8 80.Rd1 Nd5 81.
Rc1 Bd6 82.Nc2 Bf8 83.Bd2 Re8 84.Be1 Bd6 85.Bd2 Nb6 86.Be1 Bf8 87.Ne3 Na4 
88.Ra1 Rd6 89.Rc1 Ra6 90.Rd1 Rd6 91.Ra1 Ra8 92.Rd1 Kc6 93.Rc2 Nb6 94.Re2 
Nd5 95.Nc2 Kd7 96.Ra1 Raa6 1/2-1/2

[Event "28th Hoogeveen op"]
[Site "Hoogeveen NED"]
[Date "2025.10.23"]
[Round "7.14"]
[White "Kukushkin, Ivan"]
[Black "Odenthal, Aidan"]
[Result "1/2-1/2"]
[WhiteElo "2211"]
[BlackElo "2045"]
[EventDate "2025.10.18"]
[PlyCount "112"]

1.e4 c5 2.Nf3 e6 3.d4 cxd4 4.Nxd4 a6 5.g3 Nc6 6.Bg2 Nf6 7.O-O Qc7 8.Be3 d6
9.c4 Be7 10.Nc3 Ne5 11.b3 b5 12.f4 Neg4 13.Bc1 e5 14.fxe5 dxe5 15.Nf5 Bc5+
16.Kh1 Rg8 17.Nd5 Qa7 18.Nxg7+ Rxg7 19.Nxf6+ Nxf6 20.Rxf6 Be6 21.Bb2 Rd8 
22.Qh5 Rg6 23.Rxg6 hxg6 24.Qh8+ Ke7 25.Qxe5 Bd4 26.Bxd4 Qxd4 27.Qxd4 Rxd4 
28.cxb5 axb5 29.a4 Bxb3 30.axb5 Kd6 31.e5+ Kc5 32.Bc6 Rd2 33.Rb1 Bc2 34.
Re1 Bf5 35.Be8 Be6 36.Rc1+ Kd4 37.Kg1 Bd5 38.Bc6 Rg2+ 39.Kf1 Bxc6 40.bxc6 
Rxh2 41.Rd1+ Kxe5 42.Rd7 Ke6 43.Ra7 Rc2 44.c7 f6 45.Ke1 Kf5 46.Kd1 Rc6 47.
Kd2 Kg4 48.Rb7 f5 49.Rb6 Rxc7 50.Rxg6+ Kf3 51.Rg5 Rd7+ 52.Ke1 Re7+ 53.Kd2 
Ke4 54.Ke2 Ra7 55.Kf2 Ra2+ 56.Kg1 Rb2 1/2-1/2

[Event "28th Hoogeveen op"]
[Site "Hoogeveen NED"]
[Date "2025.10.23"]
[Round "7.15"]
[White "Makhynia, Kostiantyn"]
[Black "Labruyere, Roger"]
[Result "1/2-1/2"]
[WhiteElo "1935"]
[BlackElo "2205"]
[EventDate "2025.10.18"]
[PlyCount "121"]

1.d4 Nf6 2.c4 e6 3.Nf3 d5 4.g3 Bb4+ 5.Bd2 Be7 6.Bg2 O-O 7.O-O c6 8.Nc3 
Nbd7 9.b3 b6 10.Bf4 Nh5 11.Bc1 Nhf6 12.Qd3 Bb7 13.e4 dxe4 14.Nxe4 c5 15.
Nxf6+ Nxf6 16.Bb2 cxd4 17.Qxd4 Qc7 18.Rad1 a5 19.Qe5 Qxe5 20.Nxe5 Bxg2 21.
Kxg2 Rfc8 22.Nd7 Nxd7 23.Rxd7 Bc5 24.a4 Rd8 25.Rfd1 Rxd7 26.Rxd7 Kf8 27.
Rd2 Ra7 28.Kf3 f6 29.g4 Ke7 30.Ke4 Ra8 31.f4 Rc8 32.Rd3 h6 33.h4 h5 34.g5 
f5+ 35.Kf3 g6 36.Bf6+ Ke8 37.Ke2 Be7 38.Bd4 Rb8 39.Be5 Rd8 40.Rxd8+ Kxd8 
41.Bf6 Kd7 42.Bb2 Kc6 43.Bd4 Bc5 44.Bf6 Ba3 45.Kd2 Bc5 46.Ke2 Bg1 47.Be7 
Kd7 48.Bf8 Bd4 49.b4 e5 50.b5 e4 51.Ba3 Kc8 52.Kf1 Be3 53.Bd6 Kd7 54.Be5 
Bc5 55.Kg2 Ke6 56.Kg3 Bg1 57.Kg2 Be3 58.Kg3 Bc5 59.Kg2 Kd7 60.Kg3 Ke6 61.
Kg2 1/2-1/2

[Event "28th Hoogeveen op"]
[Site "Hoogeveen NED"]
[Date "2025.10.23"]
[Round "7.16"]
[White "Ten Dam, Bram"]
[Black "Li, Hewei"]
[Result "0-1"]
[WhiteElo "2185"]
[BlackElo "2022"]
[EventDate "2025.10.18"]
[PlyCount "86"]

1.e4 c5 2.Nf3 d6 3.d4 cxd4 4.Nxd4 Nf6 5.Nc3 g6 6.Be3 Bg7 7.f3 O-O 8.Qd2 
Nc6 9.O-O-O d5 10.exd5 Nxd5 11.Nxc6 bxc6 12.Bd4 e5 13.Bc5 Re8 14.Ne4 Qc7 
15.h4 f5 16.Nc3 Be6 17.Nxd5 cxd5 18.Ba3 Rec8 19.Kb1 Rab8 20.h5 e4 21.f4 e3
22.Qd3 Qxf4 23.h6 Bf6 24.Ka1 d4 25.Qa6 Rb6 26.Qxa7 Rbc6 27.Ba6 Qc7 28.Qxc7
R8xc7 29.Bd3 Bd5 30.b4 Rxc2 31.Bb2 Rxg2 32.b5 Bf3 33.b6 Rb7 34.Rc1 Rxb6 
35.Rc8+ Kf7 36.Bc4+ Ke7 37.Bb3 Rxb2 38.Rhc1 d3 39.R1c7+ Kd6 40.Rf7 R2xb3+ 
41.Rxf6+ Ke5 42.axb3 Rxf6 43.b4 d2 0-1

[Event "28th Hoogeveen op"]
[Site "Hoogeveen NED"]
[Date "2025.10.23"]
[Round "7.17"]
[White "Humburg, Philipp"]
[Black "Bakija, Alan"]
[Result "1/2-1/2"]
[WhiteElo "2204"]
[BlackElo "2082"]
[EventDate "2025.10.18"]
[PlyCount "101"]

1.d4 d6 2.e4 Nf6 3.Nc3 e5 4.Nf3 Nbd7 5.Bc4 Be7 6.O-O O-O 7.Re1 exd4 8.Nxd4
Ne5 9.Bf1 Re8 10.h3 Ng6 11.g3 Bf8 12.Bg2 Bd7 13.Kh2 c5 14.Nde2 Bc6 15.Nf4 
Nxf4 16.Bxf4 Qd7 17.g4 g6 18.Qd2 Rad8 19.Rad1 Qc8 20.Bg5 Be7 21.Qf4 Nd7 
22.Bxe7 Rxe7 23.Qxd6 Re6 24.Qg3 Nf6 25.f3 b5 26.Rxd8+ Qxd8 27.Rd1 Qe7 28.
Qb8+ Kg7 29.Rd8 g5 30.Rd2 Nd7 31.Qc7 Qf6 32.Qg3 Ne5 33.Nd5 Bxd5 34.Rxd5 
Qe7 35.f4 gxf4 36.Qxf4 Ng6 37.Qg3 Re5 38.Rxe5 Nxe5 39.g5 Qd6 40.c3 a5 41.
b3 b4 42.cxb4 axb4 43.h4 Kf8 44.Qf4 Ke7 45.Kg3 Qd3+ 46.Bf3 Qc3 47.h5 Ke8 
48.Kg2 Qc2+ 49.Kg3 Qc3 50.Kg2 Qc2+ 51.Kg3 1/2-1/2

[Event "28th Hoogeveen op"]
[Site "Hoogeveen NED"]
[Date "2025.10.23"]
[Round "7.18"]
[White "Grooten, Herman"]
[Black "Mijnheer, Peter"]
[Result "0-1"]
[WhiteElo "2183"]
[BlackElo "2104"]
[EventDate "2025.10.18"]
[PlyCount "134"]

1.d4 e6 2.c4 f5 3.g3 Nf6 4.Bg2 d5 5.Nh3 c6 6.O-O Be7 7.b3 O-O 8.Bb2 Bd6 9.
Nd2 b6 10.Nf3 Qe7 11.Nf4 Ne4 12.Nd3 Bb7 13.Nfe5 Nd7 14.Nxd7 Qxd7 15.f3 Nf6
16.c5 bxc5 17.dxc5 Bc7 18.Ne5 Qe7 19.Rc1 Rfd8 20.Qd4 Nd7 21.f4 Nxe5 22.
fxe5 Ba6 23.Rf2 Rf8 24.Bf3 Rab8 25.Bc3 Bb5 26.a4 Ba6 27.b4 Bc4 28.a5 Rf7 
29.h4 f4 30.gxf4 Qxh4 31.Bd2 Rbf8 32.e3 Rf5 33.Rg2 Bxe5 34.fxe5 Qxd4 35.
exd4 Rxf3 36.Rc3 Rxc3 37.Bxc3 a6 38.Bd2 Rf7 39.Rg3 Kf8 40.Rh3 Rf1+ 41.Kg2 
Rd1 42.Rf3+ Kg8 43.Bg5 Bd3 44.Rf4 Be4+ 45.Kf2 Rb1 46.Rg4 Bf5 47.Rg3 Kf7 
48.Bd2 h6 49.Rg2 g5 50.Rh2 Kg6 51.Rg2 Rb3 52.Rg1 Be4 53.Ke2 Bf3+ 54.Kf2 g4
55.Rc1 h5 56.Kg3 Be4+ 57.Rc3 Rb2 58.Bc1 Rxb4 59.Be3 Rb2 60.Bf4 Kf5 61.Be3 
Rg2+ 62.Kh4 Rh2+ 63.Kg3 Rh3+ 64.Kf2 g3+ 65.Kf1 g2+ 66.Kf2 Rf3+ 67.Kg1 Rf1+
0-1